Prácticas de trefilado para laboratorio mecánico

Uloženo v:
Podrobná bibliografie
Hlavní autor: Muñoz Gabayet, Hernando
Médium: Neznámo
Vydáno: [San José, Costa Rica] 1981
Témata:
Tagy: Přidat tag
Žádné tagy, Buďte první, kdo vytvoří štítek k tomuto záznamu!

MARC

LEADER 00000 a2200000 4500
003 001689
005 20221231143744.0
008 140114s1981 cr a m 000 ||s d
040 |c cru CEDI 
090 |a TFG 1067 
100 |a Muñoz Gabayet, Hernando  |9 15786 
245 |a Prácticas de trefilado para laboratorio mecánico 
260 |c 1981  |a [San José, Costa Rica] 
300 |a  vii, 223 hojas : ilustraciones ; 28 cm  
500 |a A la cabeza de la portada. Universidad de Costa Rica. Facultad de Ingeniería. Escuela de Ingeniería Mecánica 
650 |x ALAMBRES   |x FABRICACION  |9 15787 
942 |c TFG 
999 |c 11325  |d 11325